| 000 | 00579pam a2200181 a 4500 | ||
|---|---|---|---|
| 020 | _a0442227310 (pbk.) | ||
| 082 | 0 | 0 |
_a361.6094 _bGAL _cN-01,P-97 |
| 100 | 1 |
_aGallion, Arthur B. _937999 |
|
| 245 | 1 | 4 |
_aThe urban pattern : _bcity planning and design / _cArthur B. Gallion, Simon Eisner. |
| 250 | _a5th ed. | ||
| 260 |
_aNew York, NY : _bVan Nostrand Reinhold, _cc1986. |
||
| 300 |
_axi, 643 p. : _bill., plans ; _c23 cm. |
||
| 500 | _aIncludes index. | ||
| 526 |
_a0 _b0 _c0 _d361_609400000000000_GAL |
||
| 650 | 0 |
_aMCE _9379 |
|
| 700 | 1 |
_aEisner, Simon. _938000 |
|
| 942 |
_2ddc _cBK |
||
| 999 |
_c542709 _d542709 |
||